|
|
|
|
| LEADER |
00755nab a2200205 i 4500 |
| 001 |
publ33890 |
| 005 |
20250606152314.0 |
| 008 |
250606s1975 hu o 000 hun d |
| 022 |
|
|
|a 0001-6659; 1587-1495
|
| 024 |
7 |
|
|a 2580417
|2 mtmt
|
| 040 |
|
|
|a SZTE Publicatio Repozitórium
|b hun
|
| 041 |
|
|
|a hun
|
| 100 |
1 |
|
|a Láng Jenő
|
| 245 |
1 |
0 |
|a Májszcintigráfiára alkalmas 99mTc2S7 kolloid előállítása [Preparation of colloidal (99m)Tc2S7 for hepatic scintigraphy]
|h [elektronikus dokumentum] /
|c Láng Jenő
|
| 260 |
|
|
|c 1975
|
| 300 |
|
|
|a 189-195
|
| 490 |
0 |
|
|a ACTA PHARMACEUTICA HUNGARICA
|v 45 No. 5
|
| 650 |
|
4 |
|a Klinikai orvostan
|
| 700 |
0 |
1 |
|a Csernay László
|e aut
|
| 856 |
4 |
0 |
|u http://publicatio.bibl.u-szeged.hu/33890/1/aok_klny_870_75.pdf
|z Dokumentum-elérés
|